| 000 | 01223cas a2200349Ia 4500 | ||
|---|---|---|---|
| 001 | 16676673 | ||
| 003 | OSt | ||
| 005 | 20110411160605.0 | ||
| 008 | 100309c20069999pauar 0 0eng d | ||
| 010 |
_a 2011208311 _z2010931278 |
||
| 020 | _a0199231638 | ||
| 035 | _a(OCoLC)ocn549438917 | ||
| 040 |
_aDLA _cDLA |
||
| 043 | _an-us-pa | ||
| 050 | 4 |
_aKFP575.A75 _bC75 |
|
| 082 | _a345 CAR | ||
| 100 |
_acard, Richard. _912 |
||
| 245 | 0 | 0 |
_aCriminal Law. _cRichard Card |
| 260 |
_aNew York : _bOxford University Press, _c2008. |
||
| 300 |
_aIxx, 849.; _c29 cm. |
||
| 310 | _aAnnual | ||
| 362 | 0 | _a2006- | |
| 504 | _as. | ||
| 650 | 0 |
_aCriminal law _zPennsylvania. _9775 |
|
| 710 | 2 |
_aPennsylvania Bar Institute. _9776 |
|
| 830 | 0 |
_aPBI (Series) _9777 |
|
| 906 |
_a7 _bibc _cserials _d2 _encip _f20 _gn-oclcserc |
||
| 942 |
_2ddc _cBK |
||
| 999 |
_c262 _d262 |
||